Reporte final

I tiakina i:
Ngā taipitopito rārangi puna kōrero
Kaituhi rangatōpū: UNESCO (Author)
Hōputu: Pukapuka
Reo:Wīwī
I whakaputaina: París Unesco 1993
Ngā marau:
Ngā Tūtohu: Tāpirihia he Tūtohu
Kāore He Tūtohu, Me noho koe te mea tuatahi ki te tūtohu i tēnei pūkete!

MARC

LEADER 00000nam a2200000 a 4500
001 UCS2362
003 CL-VaPUC
005 20230111074204.0
008 970523e19930000fr 1 fre d
082 0 4 |a 344.07  |b UNE  |2 21 
110 2 |a UNESCO  |e author  |9 618442 
245 1 0 |a Reporte final 
260 |a París  |b Unesco  |c 1993 
300 |a pág. ireg 
583 |a last modification  |c 19970523 00:00:00  |k Rodrigo Vera 
650 0 0 |a Derecho a la educación   |9 307987 
650 0 0 |a Democracia  |9 255256 
650 0 0 |a Información  |9 256927 
650 0 7 |a DOCUMENTACION  |2 CL-VaPUC  |9 256928 
650 0 0 |a Libertad de prensa  |9 255610 
942 |c BK 
945 |a amoreno  |d 19970523 00:00:00 
546 |a En Francés 
518 |p Congrès International sur l'éducation aux droits de l'homme et à la démocratie, Montreal, Canada, 8-11 mars 1993 
999 |c 382950  |d 382948 
952 |0 0  |1 0  |4 0  |6 344_070000000000000_UNE_1993  |7 0  |8 A  |9 504901  |a BIBEDU  |b BIBEDU  |d 2020-01-23  |i 3309541  |o 344.07 UNE 1993  |p 3309541  |r 2020-01-23  |w 2020-01-23  |y BK  |k EDU